000 00316nam a2200133Ia 4500
008 190216s9999||||xx |||||||||||||| ||und||
100 _aShenoy.Br
245 0 _aIndian Planning And Economic Development
250 _a1st Ed.
260 _bAsia Publishing House
300 _a152
650 _aEconomics
942 _cBK
999 _c9127
_d9127